000 00271nam a2200097Ia 4500
001 1251868
005 20251031150923.0
008 251031s9999 xx 000 0 und d
245 0 _cASENA MERİÇ
_aN-3 DOĞUYLA BATININ ÇANAKKALE MACERASI
260 _bYEDİVEREN YAYINLARI
999 _c1251868
_d1251868